| 000 | 01376nam a22003370a 4500 | ||
|---|---|---|---|
| 001 | PT33667 | ||
| 003 | AR-LpoUNG | ||
| 005 | 20210131230124.0 | ||
| 008 | 191001s1994||||ag |||||||||||||||||spa d | ||
| 040 |
_aAR-LpoUNG _bspa _cAR-LpoUNG _eaacr |
||
| 041 | _aspa | ||
| 044 | _aag | ||
| 082 | 0 | _a372 665pre | |
| 245 | 1 | 0 |
_aContenidos básicos comunes para la educación general básica : _bedición preliminar |
| 260 |
_aBuenos Aires : _bConsejo Federal de Cultura y Educación, _cdiciembre 1994. |
||
| 300 |
_a305 p. : _bfot. |
||
| 520 | _aEste texto contiene resoluciones del Consejo Federal de Cultura y Educación, con los CBC para la educación general básica y los contenidos básicos comunes para la educación general básica (lengua, matemática, ciencias naturales, ciencias sociales, tecnología, educación artística, educación física, formación ética y ciudadana). | ||
| 650 | 4 | _aEDUCACION | |
| 650 | 4 | _aEFICIENCIA DEL DOCENTE | |
| 650 | 4 | _aFORMACION DE DOCENTES | |
| 650 | 4 | _aFORMACION DE DOCENTES | |
| 650 | 4 | _aPERSONAL DOCENTE | |
| 650 | 4 | _aPLANIFICACION DE LA EDUCACION | |
| 650 | 4 | _aPROGRAMAS DE EDUCACION | |
| 650 | 4 | _aPROYECTOS DE EDUCACION | |
| 651 | 4 | _aArgentina | |
| 710 | 2 | _aArgentina. Ministerio del Cultura y Educación | |
| 710 | 2 | _aConsejo Federal de Cultura y Educación (Buenos Aires) | |
| 905 | _a33667 | ||
| 942 | _cLIB | ||
| 999 |
_c1558 _d1558 |
||